Bibliografia dei fondi manoscritti della biblioteca Vaticana 1968-1980 (Record n. 12464)

Dettagli MARC
000 -LEADER
fixed length control field 00421nam a2200169Ia 4500
003 - CONTROL NUMBER IDENTIFIER
control field IT-RoPAU
005 - DATE AND TIME OF LATEST TRANSACTION
control field 20220918175443.0
008 - FIXED-LENGTH DATA ELEMENTS--GENERAL INFORMATION
fixed length control field 120407s9999 xx 000 0 und d
040 ## - CATALOGING SOURCE
Original cataloging agency IT-RoPAU
040 ## - CATALOGING SOURCE
Transcribing agency IT-RoPAU
100 ## - MAIN ENTRY--PERSONAL NAME
Personal name Marco Buonocore
9 (RLIN) 34516
245 ## - TITLE STATEMENT
Title Bibliografia dei fondi manoscritti della biblioteca Vaticana 1968-1980
260 ## - PUBLICATION, DISTRIBUTION, ETC. (IMPRINT)
Place of publication, distribution, etc. Vaticana
300 ## - PHYSICAL DESCRIPTION
Dimensions cm
490 ## - SERIES STATEMENT
Volume/sequential designation 2
942 ## - ADDED ENTRY ELEMENTS (KOHA)
Koha item type LIBRO
Source of classification or shelving scheme Dewey Decimal Classification
Dati di copia
Withdrawn status Lost status Source of classification or shelving scheme Damaged status Not for loan Home library Current library Date acquired Total Checkouts Full call number Date last seen Price effective from Koha item type Public note
    Dewey Decimal Classification Buone Condizioni Not For Loan PAULUS-BIBLIOTECA PAULUS-BIBLIOTECA 11/04/2012   01 spalla - CG. 11/04/2012 11/04/2012 LIBRO Inserito da: Valentino In data: n.d. fondo: Fanella - Valentino Progr:2042
CREDITS: SOCIETA' SAN PAOLO Via A.Severo, 58 - ROMA (RM) & PERIODICI SAN PAOLO SRL Via Giotto, 36 MILANO & CISF Via Giotto, 36 MILANO & EDIZIONI SAN PAOLO SRL,  Piazza Soncino, 5 CINISELLO BALSAMO (MI) -- ITALY